[Event "Leiden Chess Tournament"]
[Site "Leiden"]
[Date "2017.07.21"]
[Round "7"]
[White "Fossum, Oystein Boyum"]
[Black "Nijboer, Friso"]
[Result "0-1"]
[WhiteElo "2247"]
[BlackElo "2528"]
[Annotator "TA"]
[PlyCount "92"]
[EventDate "2017.??.??"]
[EventCountry "NED"]
[SourceTitle "playchess.com"]
[Source "ChessBase"]
[SourceQuality "1"]

{[%evp 14,92,16,14,2,-27,31,-8,-3,-28,-34,-55,-55,-61,-29,-47,-39,-41,21,0,7,20,15,-35,-24,-32,-8,-76,-66,-65,0,-46,-42,-46,-12,-30,-36,-55,-31,-44,-44,-46,-22,-16,-14,-25,0,0,16,10,33,31,37,0,0,-50,-35,-117,-49,-54,-66,-88,-147,-97,-34,-454,-439,-1047,-1033,-1020,-1032,-923,-879,-29994,-29995,-29995,-29996,-29996,-29997,-29998,-29999]} 1. Nf3 g6 2. c4 Bg7 3. g3 e5 4. Nc3 Nc6 5. Bg2 f5 6. O-O d6 7. Rb1 {A25: English Opening vs King's Indian with ...Nc6 but without early d3} (7. d3 Nf6 8. Rb1 a5 9. a3 O-O 10. b4 axb4 11. axb4 h6 12. b5 Ne7 13. Bb2 Be6 14. Ra1 Qd7 15. Nd2 c6 16. Qc2 Kh7 17. Na4 Rae8 18. bxc6 bxc6 19. c5 Bd5 20. cxd6 Qxd6 21. Nc4 Bxc4 22. Qxc4 {1-0 (42) Ivanchuk,V (2726)-Vitiugov,N (2725) Berlin 2015}) 7... Nf6 8. b4 {LiveBook: 4 Games} a6 9. b5 $146 {The position is equal.} ({Predecessor:} 9. a4 e4 10. Ne1 O-O 11. d3 exd3 12. Nxd3 Ne5 13. c5 Nxd3 14. Qxd3 dxc5 {1-0 (34) Marchio,E (2336)-Schneider,B (2410) Germany 2011}) 9... Na5 (9... axb5 $11 10. cxb5 Nd4) 10. d3 (10. b6 $5) 10... axb5 11. Rxb5 O-O 12. Bd2 Bd7 13. Rb1 Kh8 14. Qc1 Bc6 15. c5 Qe7 ({Black should play} 15... dxc5 $15 16. Nxe5 Bxg2 17. Kxg2 b6) 16. cxd6 $11 cxd6 17. Nb5 Rfc8 18. Qe1 b6 19. Be3 Nb7 20. Nc3 {[#]} (20. Bxb6 $11 {remains equal.} Nc5 21. Nc3) 20... Nd7 $1 $17 21. d4 Bxf3 (21... Na5 $15) 22. Bxf3 (22. exf3 {feels hotter.} Na5 23. f4 e4 24. f3 exf3 25. Bxf3 Nc4 26. Bf2) 22... e4 $1 {[%cal Re4f3]} 23. Bg2 Qe6 24. Rb4 (24. g4 $5) 24... d5 25. Qa1 Nd6 26. Bc1 Nc4 27. e3 Ra5 28. Rd1 Bf8 29. Rb3 Qc6 {Strongly threatening ...b5.} 30. a4 Nf6 (30... Raa8 $5 {[%cal Rc4a5]} 31. Bb2 Qb7 $15) 31. Qb1 h5 32. Bf1 Ra6 33. Re1 (33. Ba3 $5) 33... h4 34. Re2 hxg3 35. hxg3 (35. fxg3 $15 Raa8 36. Rb5) 35... Ng4 (35... Ra7 $17) 36. Rc2 $15 Qd7 37. Rb5 {And now Be2 would win.} Qh7 {[%csl Gg4][%cal Rh7h2]} 38. Bg2 {[#]} Bd6 $1 $40 {[%mdl 128] White needs to defend precisely.} 39. Nxd5 $2 {[%mdl 8192] [#]} ({White has to play} 39. Ne2 $1 $15) 39... Bxg3 $1 $19 {[%mdl 512]} 40. fxg3 (40. Qa2 $142 Bxf2+ 41. Rxf2 Qh2+ 42. Kf1) 40... Qh2+ 41. Kf1 Qxg3 42. Re2 Ra7 {( -> ...Nh2+)} 43. Rbb2 Nh2+ {Black mates.} 44. Kg1 Nf3+ 45. Kf1 Rh7 46. Bxf3 Qxf3+ {Precision: White = 26%, Black = 56%.} 0-1

[Event "Leiden Chess Tournament"]
[Site "Leiden"]
[Date "2017.07.21"]
[Round "7"]
[White "Visser, Henk-Jan"]
[Black "De Rover, Yong Hoon"]
[Result "0-1"]
[WhiteElo "2234"]
[BlackElo "2385"]
[Annotator "TA"]
[PlyCount "126"]
[EventDate "2017.??.??"]
[EventCountry "NED"]
[SourceTitle "playchess.com"]
[Source "ChessBase"]
[SourceQuality "1"]

{[%evp 23,126,59,52,52,41,41,52,57,43,43,46,35,107,120,168,162,147,155,148,147,211,196,281,279,262,266,261,88,124,124,233,222,233,164,172,126,113,32,63,0,242,0,0,0,0,-152,-145,-325,-289,-333,-341,-336,-358,-351,0,0,0,0,0,-128,-113,-122,-116,-116,-60,-60,0,-201,-199,-279,-271,-279,-271,-290,-284,-266,-177,-308,-302,-274,-49,-103,-127,-126,131,-372,-372,-369,-362,-345,0,-3302,-2270,-12837,-12837,-12838,-12825,-12843,-12843,-12844,-12844,-12845,-12845,-12846,-12846]} 1. e4 c5 2. Nf3 d6 3. d4 cxd4 4. Nxd4 Nf6 5. Nc3 a6 6. Be3 e5 7. Nb3 Be6 8. h3 {B90: Sicilian Najdorf: Unusual White 6th moves, 6 Be3 Ng4 and 6 Be3 e5} (8. Qd2 Nbd7 9. O-O-O Be7 10. f4 b5 11. Kb1 Qc7 12. h3 Nb6 13. Bxb6 Qxb6 14. Bd3 exf4 15. Qxf4 O-O 16. Nd5 Bxd5 17. exd5 {½-½ (39) Wei,Y (2728)-Areshchenko,A (2649) Khanty-Mansiysk 2017}) 8... h5 9. Qd2 Nbd7 10. f4 Rc8 11. O-O-O Be7 12. Kb1 b5 {LiveBook: 12 Games} 13. Bd3 Qc7 14. f5 Bc4 15. a3 h4 $146 16. Rhe1 Rb8 17. Qe2 Nb6 (17... Bxd3 $14 18. Qxd3 (18. Rxd3 b4 $11) 18... Kf8) 18. Bxb6 $1 $16 Rxb6 19. Bxc4 $1 bxc4 20. Na5 O-O 21. Nxc4 Rb7 (21... Rc6 $16 22. b3 Rb8) 22. Ka2 a5 (22... Rc8 $142) 23. a4 $18 Rb4 24. b3 Rc8 25. Nb5 $2 (25. Nd5 $1 $18 {[%cal Rd5c7] and the rest is easy.} Nxd5 26. Rxd5) 25... Qb8 {Threatening ...Rcxc4.} 26. c3 Rxb5 (26... Rbxc4 $16 {keeps fighting.} 27. bxc4 Nd7) 27. axb5 Rc5 28. Na3 d5 29. exd5 Nxd5 30. Rxd5 (30. Nb1 $16 {And now c4 would win.} Rxb5 31. f6 Bxf6 32. Qc4) 30... Rxd5 $14 31. c4 ({Better is} 31. Rd1 $1 $14 Rxd1 32. Qxd1) 31... Rd6 $2 (31... Qd6 $1 $11 {and Black has nothing to worry.} 32. Nb1 (32. cxd5 Qxa3+ 33. Kb1 Qxb3+ 34. Qb2 Qd3+ 35. Qc2 Qxb5+ 36. Ka1 Qxd5 $11) 32... Rd3) 32. Rd1 $2 (32. Nc2 $18) 32... Rxd1 $11 33. Qxd1 e4 $1 {[%cal Re4e3]} 34. Qd4 $2 (34. Nc2 $1 $11) 34... Qf4 $17 {[%mdl 1024] Black has strong compensation.} 35. Nc2 $2 (35. b6 $17 {was called for.} Bf6 36. Qd1 Qf2+ 37. Nc2) 35... Bf6 $1 $19 {[%cal Rf6d4]} 36. Qe3 Qe5 $1 {[%csl Gf6][%cal Re5b2]} 37. Qc1 Qc3 $1 {Strongly threatening ...e3!} 38. b6 {[#]} a4 $2 (38... e3 $1 $19 {[%cal Re3e2][%mdl 512] Hoping for ...e2.} 39. Ka3 (39. Qxe3 Qb2#) 39... e2) 39. Qb1 $36 {[%mdl 2048] White fights for an advantage.} a3 40. b7 (40. Nxa3 $2 e3 $19) 40... Be5 41. b4 (41. c5 $1 $11) 41... Qxc4+ $17 42. Kxa3 Qa6+ 43. Kb3 Qxb7 (43... Qd3+ $1 $17 44. Ka2 Qd5+ 45. Qb3 Qxb7) 44. Qf1 $1 $15 Qc8 (44... Bf6 $15 45. Qc4 Qe7) 45. Qd1 $2 (45. Qe2 $11) 45... Bf6 $1 $19 46. Qd2 (46. Qe2 {is a better defense.} Qxf5 47. Ne3) 46... Qxf5 47. Ne3 Qg5 48. Nc4 Qg3+ 49. Ka4 Qc7 50. Qd5 (50. Kb3 {only move.}) 50... Qe7 51. Qc5 {intending Qxe7.} Qxc5 $2 (51... Qd7+ $19 52. Ka3 Bd4) 52. bxc5 {[%mdl 4096] Endgame KB-KN} Kf8 53. Kb5 {[#]} Ke7 $2 {[%mdl 8192] [#]} (53... g6 $1 $17 {and life is bright.} 54. Ka6 Bd8) 54. Ka6 $2 {[%mdl 8192]} (54. c6 $1 $16 {is necessary to keep the advantage.}) 54... Bg5 55. c6 Bf4 56. Kb7 Ke6 {...Kd5 is the strong threat.} ({Not} 56... Kd8 57. Nb6 $15) 57. c7 $2 {[%mdl 8192] [#]} (57. Ne3 $11) 57... Bxc7 $1 {[%mdl 512] Black is clearly winning.} 58. Kxc7 {KN-KP} Kd5 59. Ne3+ Kd4 60. Nf1 e3 {[%cal Be4e3,Be3e2][%mdl 32]} 61. Kd6 e2 62. Nd2 Ke3 63. Nf3 Kf2 {Precision: White = 44%, Black = 54%.} 0-1

[Event "Leiden Chess Tournament"]
[Site "Leiden"]
[Date "2017.07.21"]
[Round "7"]
[White "Holwijn, Melvin"]
[Black "Van der Knaap, Jan"]
[Result "0-1"]
[WhiteElo "1932"]
[BlackElo "1866"]
[Annotator "NA"]
[PlyCount "46"]
[EventDate "2017.??.??"]
[EventCountry "NED"]
[SourceTitle "playchess.com"]
[Source "ChessBase"]
[SourceQuality "1"]
[TimeControl "40/5400+30:1800+30"]

1. d4 d6 2. Nf3 g6 3. c4 Bg7 4. Nc3 Bg4 5. e3 c5 6. Be2 cxd4 7. exd4 {A41: 1 d4 d6: Tartakower System and Modern Defence} Nh6 (7... Nc6 8. d5 Bxf3 9. Bxf3 Ne5 10. Be2 Rc8 11. Qb3 Qc7 12. O-O a6 13. Be3 h5 14. Bb6 Qb8 15. h3 Nh6 {1-0 (37) Korobov,A (2692)-Onischuk,V (2601) Doha 2016}) 8. h3 Bxf3 9. Bxf3 Nc6 10. g4 O-O 11. h4 $146 ({Predecessor:} 11. Be3 e5 12. dxe5 Nxe5 13. Bd5 Kh8 14. Qd2 Ng8 15. f4 Nc6 {1-0 (32) Svane,R (2367)-Danielsen,H (2511) Helsingor 2012}) 11... e5 12. Bxc6 bxc6 13. dxe5 Re8 14. Qe2 Bxe5 15. Be3 Qa5 16. O-O Qd8 17. g5 Nf5 18. Qg4 d5 19. Bf4 Qc7 20. Bxe5 Rxe5 21. cxd5 cxd5 22. Rae1 $1 Qd6 23. Qf4 $19 (23. Rxe5 $15 Qxe5 24. Qf3) 23... Rxe1 0-1

[Event "Leiden Chess Tournament"]
[Site "Leiden"]
[Date "2017.07.21"]
[Round "7"]
[White "Boeters, Stefan"]
[Black "Geboers, Jimmy"]
[Result "0-1"]
[WhiteElo "1798"]
[BlackElo "1852"]
[Annotator "NA"]
[PlyCount "104"]
[EventDate "2017.??.??"]
[EventCountry "NED"]
[SourceTitle "playchess.com"]
[Source "ChessBase"]
[SourceQuality "1"]
[TimeControl "40/5400+30:1800+30"]

{[%evp 34,91,116,32767,32767,32767,32767,58,73,115,100,91,207,210,285,-275,-221,-250,-267,-261,-258,-258,-263,-266,-181,-231,-113,32767,-10,32767,32767,32767,32767,32767,32767,32767,-357,-323,-347,-29991,-342,-2093,-254,-293,-301,-403,-339,-326,-370,-29989,-29990,-29990,-29991,-29991,-327,-341,-296,-453,-375,-364]} 1. c4 c5 2. g3 Nc6 3. Bg2 g6 4. Nc3 Bg7 5. e3 d6 6. Nge2 e5 7. O-O {A36: Symmetrical English vs ...g6: 4 Bg2 Bg7} f5 (7... Nge7 8. d3 O-O 9. b3 Be6 10. Nd5 e4 11. Rb1 exd3 12. Qxd3 Nxd5 13. cxd5 Ne5 14. Qc2 Bd7 15. h3 Bb5 16. Rd1 Bxe2 17. Qxe2 {0-1 (48) Markowski,T (2576)-Heberla,B (2573) Gorzow Wielkopolski 2014}) 8. f4 Nge7 9. a3 $146 ({Predecessor:} 9. Nd5 O-O 10. Nec3 a6 11. a3 Be6 12. Rb1 Rb8 13. b4 b5 14. cxb5 axb5 15. Nxe7+ Nxe7 16. bxc5 dxc5 {0-1 (30) Dzyuba,A-Sadovnikov,I Russia 2004}) 9... Be6 10. d3 O-O 11. Rb1 a5 12. b3 d5 13. fxe5 Bxe5 14. d4 cxd4 15. exd4 Bg7 16. c5 b6 17. b4 axb4 18. axb4 bxc5 19. bxc5 f4 20. Rxf4 Rxf4 21. Bxf4 Nf5 22. Nb5 Qf6 (22... Qd7 $16 {was necessary.} 23. Ra1 Rxa1 24. Qxa1 h6) 23. Nc7 Rd8 {[#]} 24. Bg5 $4 (24. Rb6 $1 $18 {[%cal Rb6c6] was the only winning move.} Ncxd4 25. Kh1 Nxe2 26. Nxe6 (26. Rxe6 Nc3 $18) 26... Nxf4 27. Nxd8 (27. Nxf4 Qc3 $16) 27... Qxd8 28. gxf4) 24... Qxg5 25. Nxe6 Qe3+ 26. Kh1 Qxe6 27. Nf4 Qf7 28. Qb3 Nce7 ({Weaker is} 28... Bxd4 29. Bxd5 Rxd5 30. Qxd5 $15) 29. Qb6 Rc8 (29... Re8 $19 30. Ne6 Kh8 31. Nxg7 Qxg7) 30. Qb7 Qe8 ({Of course not} 30... Bxd4 $6 31. Bxd5 Nxd5 32. Qxc8+ Kg7 33. Ne6+ Kh6 34. Nxd4 $11) ({But not} 30... Nxd4 $6 {[#]} 31. Qxc8+ $1 {[%mdl 512]} Nxc8 32. Bxd5 $11) (30... Re8 $17 31. c6 Bxd4) 31. Nxd5 Nxd5 32. Bxd5+ Kh8 33. c6 Bxd4 34. c7 Kg7 35. Bc6 Qe6 36. Bd5 $2 {[#]} (36. Bg2 $19) 36... Qd7 $2 (36... Nxg3+ $1 {[%mdl 512] mates} 37. Kg2 (37. hxg3 Qh3#) 37... Qe2+ 38. Kh3 {[#]} Nf1 $1 {[%mdl 512]} 39. Qb2 Qh5+ 40. Kg2 Qxd5+ 41. Kxf1 Qf3+ 42. Ke1 Re8+ 43. Kd2 Re2+ 44. Kd1 Qf1#) 37. Rc1 $2 {[#]} (37. Bc6 Qd6 38. Be4 Rxc7 39. Qxc7+ Qxc7 40. Rb7 Qxb7 41. Bxb7) 37... Nd6 $2 (37... Nxg3+ $1 {[%mdl 512]} 38. Kg2 (38. hxg3 Qh3#) 38... Ne2) 38. Qb4 Bf6 39. Rc6 Ne8 40. Bf3 Rxc7 41. Rb6 $2 (41. Rxc7 $19 Nxc7 42. Kg2) 41... Rc1+ 42. Kg2 Rc2+ 43. Kh1 Qd2 $2 (43... Qh3 {mates} 44. Rb7+ Kh6 45. Qf4+ g5 46. Rxh7+ Kxh7 47. Qe4+ Kg7 48. Qg6+ Kxg6 49. Be4+ Kh6 50. Kg1 Rxh2 51. Bf3 Bd4#) 44. Qxd2 Rxd2 45. h4 Bd4 46. Rb7+ $19 Kf8 47. h5 Nf6 48. hxg6 hxg6 49. g4 Rb2 50. Rc7 Rf2 51. Rc4 Rxf3 52. Rxd4 Rg3 0-1

[Event "Leiden Chess Tournament"]
[Site "Leiden"]
[Date "2017.07.22"]
[Round "8"]
[White "Ikonnikov, Vyacheslav"]
[Black "Sandipan, Chanda"]
[Result "1/2-1/2"]
[WhiteElo "2538"]
[BlackElo "2575"]
[Annotator "TA"]
[PlyCount "98"]
[EventDate "2017.??.??"]
[EventCountry "NED"]
[SourceTitle "playchess.com"]
[Source "ChessBase"]
[SourceQuality "1"]

{[%evp 12,98,35,21,29,10,10,10,31,29,40,14,19,21,14,17,14,-9,25,24,25,8,12,13,20,0,0,-19,1,0,20,23,16,0,0,0,0,0,0,0,88,75,107,86,83,84,87,61,52,63,63,0,0,0,2,8,7,7,8,1,5,-35,-17,-37,-19,-43,-31,-45,0,0,0,0,0,0,0,0,0,0,5,6,8,0,0,0,0,0,0,0,0]} 1. d4 f5 2. g3 Nf6 3. Bg2 g6 4. b3 Bg7 5. Bb2 O-O 6. Nf3 d5 7. O-O e6 {A81: Dutch Defence: 2 g3} 8. Nbd2 {[%cal Bb1d2,Bd2f3,Bf3e5][%mdl 32]} (8. c4 b6 9. Qc2 Bb7 10. cxd5 exd5 11. Rc1 c6 12. Ne5 Ng4 13. Nd2 Nxe5 14. dxe5 {1-0 (51) Anand,V (2770)-Anton Guijarro,D (2627) Leon 2016}) 8... Nbd7 9. c4 c6 10. Qc2 Re8 $146 ({Predecessor:} 10... Ne4 11. b4 Ndf6 12. a4 Bd7 13. Nb3 Rc8 14. Ne5 Ne8 15. c5 Ng5 {1-0 (24) Ftacnik,L (2599)-Ferguson,R (2246) Greenville 2006}) 11. Rfd1 b6 12. Ne5 Bb7 13. Ndf3 Rc8 14. c5 Ng4 15. Nxd7 Qxd7 16. h3 Nf6 17. Ne5 Qe7 18. b4 Ne4 19. e3 Ba6 20. Kh2 $36 {[%mdl 2048] White fights for an advantage.} Bxe5 21. dxe5 bxc5 22. bxc5 (22. f3 $5 {[%cal Rf3e4]}) 22... Rb8 {[%cal Bc8b8,Bb8b4,Bb4c4][%mdl 32]} ({Not} 22... Nxc5 $2 23. Ba3 $18) 23. Bd4 Rb4 24. Rab1 Rc4 25. Qb2 Nxc5 {[#]} (25... Ra4 $11) 26. Bf1 $1 $16 Na4 27. Qb3 Bb5 28. Bxc4 dxc4 29. Qb4 (29. Qc2 {is interesting.} Rd8 30. e4 fxe4 31. Qxe4 a6 32. Rdc1) 29... Qxb4 30. Rxb4 a6 {Hoping for ...c5.} 31. Rbb1 ({White should play} 31. Ba1 $1 $14) 31... Rd8 $11 32. Rbc1 c5 33. Ba1 Rd3 $1 34. g4 Kf7 35. Kg3 Nb6 36. Kf3 Ba4 37. Rg1 Ra3 38. gxf5 exf5 39. h4 Rxa2 40. h5 {The position is equal.} gxh5 41. Kg3 {[#]} h4+ $1 42. Kxh4 Rxf2 43. Kg3 Re2 44. Rh1 Rxe3+ 45. Kf2 f4 46. Rh4 Nd5 {[#]} 47. Rxf4+ $1 {[%mdl 512]} Nxf4 48. Kxe3 Nd5+ 49. Kd2 Bb5 {Precision: White = 64%, Black = 70%.} 1/2-1/2

[Event "Leiden Chess Tournament"]
[Site "Leiden"]
[Date "2017.07.22"]
[Round "8"]
[White "Nijboer, Friso"]
[Black "Shyam, Sundar"]
[Result "1/2-1/2"]
[WhiteElo "2528"]
[BlackElo "2534"]
[Annotator "TA"]
[PlyCount "87"]
[EventDate "2017.??.??"]
[EventCountry "NED"]
[SourceTitle "playchess.com"]
[Source "ChessBase"]
[SourceQuality "1"]

{[%evp 18,87,12,6,36,33,33,41,45,31,27,28,35,31,37,29,35,32,42,16,29,0,34,-60,-53,-43,-20,-27,-18,-60,-46,-51,-43,-43,-10,-70,-56,-68,-62,-53,-26,-43,-30,-64,-70,-60,-50,-48,-46,-50,-28,-79,-47,-41,-27,-63,0,0,0,0,0,0,0,0,0,0,0,0,0,0,0,0]} 1. e4 c6 2. d4 d5 3. e5 Bf5 4. Nf3 e6 5. Be2 Ne7 6. Nbd2 {B12: Caro-Kann: Advance Variation} h6 7. Nb3 Nd7 8. O-O g5 9. Bd2 Bg7 10. a4 {LiveBook: 6 Games} O-O 11. a5 $146 ({Predecessor:} 11. h4 g4 12. Ne1 f6 13. exf6 Nxf6 14. Nd3 Ng6 15. h5 Nxh5 16. Bxg4 {0-1 (26) Ragger,M (2703)-Akesson,R (2420) Graz 2017}) 11... f6 12. exf6 Bxf6 13. Bb4 Rf7 14. Nc5 Nxc5 15. Bxc5 Ng6 16. Bd3 Be7 17. Bxe7 Qxe7 18. Ra3 Raf8 19. Re1 Qf6 {Black wants to play ...Bxd3.} 20. Ne5 (20. h3 $14) 20... Nxe5 $15 21. dxe5 Qg7 {Threatens to win with ...Bxd3.} (21... Qe7 {seems wilder.} 22. h3 Bxd3 23. Qxd3 Kg7 24. Re2 Qc5) 22. f3 Bxd3 23. Rxd3 Rf5 24. Rde3 Qc7 25. Qd2 b6 26. b4 (26. axb6 $11 axb6 27. c4) 26... Rf4 27. axb6 Qxb6 28. c3 R8f5 29. Qf2 Rc4 30. Rd3 c5 31. bxc5 Qxc5 32. Qxc5 Rxc5 {[%mdl 4096] Endgame KRR-KRR} 33. Rb1 Rc7 34. Rb8+ (34. Re3 $11) 34... Rf8 35. Rb5 Kf7 36. Ra5 Ke7 (36... Rb8 $15) 37. Rd2 {The position is equal.} Rb8 38. Rda2 Rbb7 ({Much weaker is} 38... Rxc3 $6 39. Rxa7+ Kd8 40. Rh7 $16) 39. Kf2 Kf7 40. g4 Rxc3 41. Rxa7 Rc2+ 42. Kg3 Rxa7 43. Rxa7+ Kf8 44. Ra8+ {Precision: White = 52%, Black = 41%.} 1/2-1/2

[Event "Leiden Chess Tournament"]
[Site "Leiden"]
[Date "2017.07.22"]
[Round "8"]
[White "Pruijssers, Roeland"]
[Black "Warmerdam, Max"]
[Result "1/2-1/2"]
[WhiteElo "2508"]
[BlackElo "2357"]
[Annotator "TA"]
[PlyCount "77"]
[EventDate "2017.??.??"]
[EventCountry "NED"]
[SourceTitle "playchess.com"]
[Source "ChessBase"]
[SourceQuality "1"]

{[%evp 21,77,44,39,31,31,25,29,21,29,35,29,31,29,15,98,66,120,103,144,145,117,126,122,108,177,130,167,150,206,40,213,205,213,213,201,208,193,199,202,8,8,16,8,21,11,0,0,-68,0,0,0,0,0,0,0,0,0,0]} 1. e4 c5 2. Nf3 Nc6 3. d4 cxd4 4. Nxd4 Nf6 5. Nc3 d6 6. Bg5 e6 7. Qd2 a6 8. O-O-O Bd7 9. f3 b5 10. Kb1 Be7 11. Nxc6 Bxc6 12. h4 {B67: Sicilian: Richter-Rauzer: 7...a6 8 0-0-0 Bd7, lines without 9 f4 Be7} (12. Bxf6 Bxf6 13. Qxd6 Qxd6 14. Rxd6 Rc8 15. Rd2 Ke7 16. Bd3 Bxc3 17. bxc3 Rc7 18. Kb2 Rhc8 19. Be2 Be8 {½-½ (28) Mastrovasilis,D (2590)-Stocek,J (2556) Germany 2017}) 12... Rc8 13. Ne2 Bb7 14. Nd4 {White has an edge.} h6 15. Be3 Nd7 16. g4 Ne5 (16... Bxh4 17. g5 $1 $16 {[%mdl 512]}) 17. Qg2 Nc4 (17... Bxh4 $11 {keeps the balance.} 18. g5 hxg5) 18. Bc1 $146 ({NOTEXT:} 18. Bxc4 Rxc4 19. g5 hxg5 20. hxg5 Rxh1 21. Rxh1 {1-0 (47) Makropoulou,M (2287)-Czarnota,D (2238) Ermioni Argolidas 2005}) 18... Qb6 ({Better is} 18... g6 $14) 19. g5 $1 $16 hxg5 20. hxg5 Rxh1 21. Qxh1 g6 22. Qh8+ Bf8 (22... Kd7 $16 23. Qg7 Rf8) 23. b3 e5 24. Bh3 {And now Ne6 would win.} Rc7 (24... exd4 $16 {might work better.} 25. Bxc8 (25. bxc4 $2 bxc4+ 26. Ka1 Rb8 $19) 25... Bxc8) 25. Ne2 $2 ({Not} 25. bxc4 exd4 26. Bb2 (26. Rxd4 bxc4+ 27. Ka1 Bc8 $14) (26. Qxd4 Qxd4 27. Rxd4 Rxc4 $11) 26... bxc4 $14) (25. Ne6 $18 fxe6 26. Qf6 (26. bxc4 bxc4+ 27. Ka1 Bc8 $11)) 25... Na5 $2 (25... Ne3 $14 26. Bxe3 Qxe3 27. Rxd6 Qxg5) 26. Rd3 $1 $18 b4 {[#]} 27. Be3 $1 {[%cal Re3b6]} Qc6 {[#]} 28. c4 $1 Bc8 29. Bxc8 Rxc8 30. Rd5 $2 (30. Nc1 $18) 30... Nxc4 $1 $11 31. bxc4 Qxc4 32. Rd2 {Threatening Kb2.} b3 {[%cal Bb4b3,Bb3a2][%mdl 32]} 33. Qh1 d5 34. exd5 (34. Qh8 $11 bxa2+ 35. Ka1) 34... Bb4 ({Black should play} 34... bxa2+ $15 35. Ka1 Bg7) 35. Qh8+ {The position is equal.} Kd7 36. Qf6 bxa2+ 37. Ka1 Bc3+ $1 38. Nxc3 Qxc3+ 39. Rb2 {Precision: White = 60%, Black = 52%.} 1/2-1/2

[Event "Leiden Chess Tournament"]
[Site "Leiden"]
[Date "2017.07.22"]
[Round "8"]
[White "Gavrilov, Alexei"]
[Black "Slingerland, Fred"]
[Result "1/2-1/2"]
[WhiteElo "2491"]
[BlackElo "2335"]
[Annotator "TA"]
[PlyCount "168"]
[EventDate "2017.??.??"]
[EventCountry "NED"]
[SourceTitle "playchess.com"]
[Source "ChessBase"]
[SourceQuality "1"]

{[%evp 28,168,47,49,36,47,79,36,50,47,124,73,60,56,54,75,80,18,45,39,41,0,0,-10,0,0,66,52,116,113,122,114,116,77,98,87,77,98,102,0,16,0,0,0,0,0,0,0,0,0,0,0,0,0,0,0,0,0,0,0,0,0,0,0,0,0,0,0,0,0,0,0,0,0,0,0,0,0,0,0,0,0,0,0,0,0,0,0,0,0,0,0,0,0,0,0,0,0,0,0,0,0,0,0,0,0,0,0,0,0,0,0,0,0,0,0,0,0,0,0,0,0,0,0,0,0,0,0,0,0,0,0,0,0,0,0,0,0,0,0,0,0,0]} 1. e4 c5 2. Nf3 d6 3. d4 cxd4 4. Nxd4 Nf6 5. Nc3 Nc6 6. Be2 g6 7. Be3 Bg7 8. Qd2 O-O 9. O-O-O Nxd4 10. Bxd4 Be6 11. h4 Qa5 12. Qg5 {B72: Sicilian Dragon: 6 Be3, lines with h3+Bc4 and sidelines} Qxg5+ 13. hxg5 Nd7 14. Nd5 Bxd5 15. exd5 {LiveBook: 5 Games} Bxd4 16. Rxd4 Kg7 {[#]} 17. f4 $146 (17. Re1 {seems wilder.} Rfe8 18. Bb5 Rad8 19. Ba4 a6 20. c4) ({Predecessor:} 17. Re4 Rfe8 18. Bb5 Rad8 19. Reh4 Rh8 {½-½ (50) Nabaty,T (2523)-Can,E (2477) Chotowa 2010}) 17... a6 18. Re1 h5 (18... Rfe8 $14) 19. Bf3 (19. gxh6+ $142 Kxh6 20. Bf3) 19... Rfe8 $16 20. Rc4 Nc5 21. b4 b5 22. Rc3 (22. Rxc5 $16 dxc5 23. bxc5) 22... Na4 23. Rc6 Kf8 24. c4 bxc4 25. Rxc4 Rec8 26. Rc6 Nb6 (26... Rcb8 $1 $11) 27. Kb2 Rxc6 (27... Rcb8 $14) 28. dxc6 $14 {[%mdl 4096] Endgame KRB-KRN} d5 29. Kb3 e6 30. a4 a5 31. bxa5 Rxa5 {[#]} 32. Kb4 $1 {[%cal Rb4a5]} Ra8 33. c7 ({White should play} 33. a5 $16 Nc8 34. Kb5) 33... Rc8 {The position is equal.} 34. Kb5 (34. Kc5 $5 {[%cal Rc5b6]} Na8 35. a5 $11) 34... Na8 35. Ka6 Rxc7 36. Rb1 Rc4 37. a5 $1 {[#] aiming for Rb8+.} Nc7+ 38. Kb6 Ke7 39. Be2 $1 {[%cal Re2c4]} Rc2 {Threatens to win with ...Na8+.} 40. Bd1 Rc3 41. a6 Nxa6 $1 42. Kxa6 $11 {KRB-KR} Rc4 43. g3 (43. f5 $5) 43... h4 44. gxh4 {And now h5 would win.} Rxf4 45. h5 gxh5 46. Bxh5 Ra4+ 47. Kb5 Rh4 48. Be2 Rh2 49. Bg4 Rg2 50. Rb4 (50. Bf3 $5 {[%cal Rf3g2]} Rg3 51. Bd1 $11) 50... Kd6 51. Bh5 Rxg5 52. Bxf7 e5 53. Ra4 e4 54. Ra6+ Ke7 55. Bg6 Re5 56. Kc5 Re6 57. Ra7+ Kf6 58. Bh5 (58. Kxd5 $5 {[%cal Ra7f7]} Re5+ 59. Kd6 $11) 58... Re7 59. Ra8 Ke5 60. Rc8 d4 61. Kc4 d3 62. Kc3 Rg7 63. Kd2 Rg2+ (63... e3+ $5 64. Kxe3 (64. Kxd3 Kf4 $14) 64... Kf6 $14) 64. Ke3 Rg3+ 65. Kd2 Rg2+ 66. Ke3 Rg3+ 67. Kf2 Rg5 68. Ke3 Rg3+ 69. Kf2 Rg5 70. Rc4 Kf4 ({Not} 70... Rxh5 $2 71. Rc5+ Kf4 72. Rxh5 $18) (70... e3+ $5 71. Kxe3 Kf6 $14) 71. Bf3 Re5 72. Bg2 Re7 73. Ra4 Re5 74. Rd4 Re7 (74... d2 $5) 75. Rb4 (75. Bf3 $5) 75... Re5 76. Ra4 Re7 77. Rc4 Re5 78. Rd4 Re7 79. Rd8 e3+ 80. Ke1 Ra7 {[%cal Ra7a1]} 81. Rxd3 Ra1+ 82. Ke2 Ra2+ 83. Kf1 Ra1+ 84. Ke2 Ra2+ {Precision: White = 61%, Black = 68%.} 1/2-1/2